15 De novembro: república (Record no. 169521)

MARC details
000 -LÍDER
campo de controle de tamanho fixo 00381 a2200169 4500
001 - NÚMERO DE CONTROLE
campo de controle 169521
020 ## - ISBN - INTERNATIONAL STANDARD BOOK NUMBER
ISBN - International Standard Book Number 85-322-2138-6
040 ## - FONTE DA CATALOGAÇÃO
Instituição que transcreveu o registro Magnum
100 ## - ENTRADA PRINCIPAL--NOME PESSOAL
Nome pessoal Boulos Junior, Alfredo
240 10 - TÍTULO UNIFORME
Título uniforme 15 De novembro: república
Idioma da obra por
245 10 - TÍTULO
Título 15 De novembro: república
300 ## - DESCRIÇÃO FÍSICA
Extensão 39
362 0# - DATAS DE PUBLICAÇÃO E/OU DESIGNAÇÃO SEQUENCIAL
Datas de publicação e/ou designação sequencial 1996
440 #1 - DECLARAÇÃO DE SÉRIE/ENTRADA ADICIONADA--TÍTULO
Título FTD
697 ## - ENTRADA DE ASSUNTO LOCAL--ENTIDADE COLETIVA (RLIN)
Nome corporativo ou nome da jurisdição LITERATURA INFANTO-JUVENIL
942 ## - ELEMENTOS DE ENTRADA ADICIONADOS (KOHA)
Tipo de material Koha Livros
Holdings
Situação do descarte Situação das perdas Situação física Não pode ser emprestado Biblioteca de origem Biblioteca atual Data de aquisição Total de empréstimos Número de chamada completo Código de barras Data de último acesso Data do preço efetivo Tipo de material Koha
        Magnum Magnum 08/06/2024   869.2.479 MAG00014121 08/06/2024 08/06/2024 Livros
        Magnum Magnum 08/06/2024   869.2.479 MAG00014122 08/06/2024 08/06/2024 Livros
        Magnum Magnum 08/06/2024   869.2.479 MAG00014123 08/06/2024 08/06/2024 Livros
        Magnum Magnum 08/06/2024   869.2.479 MAG00014124 08/06/2024 08/06/2024 Livros
        Magnum Magnum 08/06/2024   869.2.479 MAG00014125 08/06/2024 08/06/2024 Livros
        Magnum Magnum 08/06/2024   869.2.479 MAG00014126 08/06/2024 08/06/2024 Livros
        Magnum Magnum 08/06/2024   869.2.479 MAG00014127 08/06/2024 08/06/2024 Livros
        Magnum Magnum 08/06/2024   869.2.479 MAG00014128 08/06/2024 08/06/2024 Livros
        Magnum Magnum 08/06/2024   869.2.479 MAG00014129 08/06/2024 08/06/2024 Livros
        Magnum Magnum 08/06/2024   869.2.479 MAG00014130 08/06/2024 08/06/2024 Livros
        Magnum Magnum 08/06/2024   869.2.479 MAG00014131 08/06/2024 08/06/2024 Livros